000 00735nam a2200289Ia 4500
005 20260324140434.0
008 008 260324s9999 xx 000 0 eng d
020 _a9780429453915
037 _aEBOOK
040 _aCRL
040 _beng
040 _cCRL
041 _2eng
041 _aeng
084 _qCRL
100 _aAndrew E. Collins
_91177600
245 0 _aEnvironment, Health and Population Displacement
245 0 _bDevelopment and Change in Mozambique's Diarrhoeal Disease Ecology
260 _bTaylor and Francis
260 _c1998
365 _a
365 _b205
856 _uhttp://www.taylorfrancis.com/books/9780429453915
942 _cEBOOK
999 _c1806487
_d1806487